000
00351pam a2200157a 44500
008
230515b2015 xxu||||| |||| 00| 0 eng d
020
_a
NULL
041
_a
ENGLISH
082
_a
610
100
_a
NULL
245
_a
OBSTETIRICAL NURSING &GYNECOLOGY PROCEDURE MANUAL
250
_a
0
260
_a
_b
C B S
_c
2015
300
_a
116
650
_a
NULL
999
_c
531914
_d
531914